000 00358nam a22001577a 4500
003 MPLRDC
005 20220104123811.0
008 210129b ||||| |||| 00| 0 eng d
082 _a179.1 YJC*
100 _a杨锦棠著
245 _a智力的发展
_c
260 _a
_b香港世界出版社
_c
300 _b
650 _a
942 _cBK
_o179.1 YJC*
999 _c14292
_d14282